| 000 | 02095nam a22001697a 4500 | ||
|---|---|---|---|
| 999 |
_c192855 _d192855 |
||
| 005 | 20221007105723.0 | ||
| 010 | _aENG-135332 | ||
| 020 |
_a9789353381219 _c350.00 |
||
| 035 | _aEN-118864 | ||
| 037 | _bDBAD/PUB | ||
| 082 | _a480 | ||
| 245 | _aEnglish For Bank Exams RBI, SBI, IBPS, IBPS-RRBs & Other Banks Clerk, PO/MT/SO/ | ||
| 260 |
_aNew Delhi _bS.Chand and Company Limited _c2019 |
||
| 270 |
_a7361, Ram Nagar, Qutab Road _bNew Delhi _e110055 _minfo@schandpublishing.com |
||
| 300 |
_a460p. _c27cm(pbk) |
||
| 942 |
_2ddc _cEN _mENG _h480 |
||